Religion Quiz

Random Religion Quiz

WITCHES Quiz Stats

 Plays Quiz not verified by Sporcle

Support Sporcle.
Go Orange.
Score 0/30 Timer 15:00
0 Plays Today
clue answer % Correct
what does the witches symbol look like describe?circle
69.4%
when is mother nature's fertile half?may
69.4%
what is the witches symbol called?pentagram
55.6%
witches dont worship or believe in?satan
52.8%
what is the four elements of life?air
52.8%
witchcraft is a religion protected by which amendments?1st
52.8%
a male is not called what?warlock
50%
what did most women witches have for company?pets
47.2%
what gender of witches had a few rights and had to obey the opposite sex?girl
41.7%
what are there holidays called?sabbats
36.1%
What race of witches were consider most harmfull?african american
33.3%
what centuries did most of the witch trails occur?14
22.2%
wiccans cerlebrate the birth of the?sun
16.7%
what is mother earth represented by?moon
13.9%
what is witchcraft first law?harm none
11.1%
clue answer % Correct
people gennerally accused of medieval witchcraft usalloy are what?poor
8.3%
what does warlock mean?traitor
8.3%
what type of religion is witchcraft?Natural
8.3%
god is seen in what?woodlands
8.3%
what id the three fold law?karma
8.3%
what does the top point on the star means?spirt
8.3%
when you cast a circle what happends inside?ritual
8.3%
where does wiccans meet?cavens
8.3%
what do witches believe in?three fold law
5.6%
How many witches were accuse within a 100year time pierod?300
2.8%
which state had the most witch trails in 1692?connecticut
2.8%
where is warlock?scottish
0%
what does witchcraft means?craft of the wises ones
0%
in what year did english make witchcraft a capital crime?1641
0%
what does the circle represent?Deity
0%

You're not logged in!

Compare scores with friends on all Sporcle quizzes.
OR
Log In
Forgot?

From the Vault

Finish the TV Show Titles (2000s)

by LTH

And yet, no Finnish TV shows were included in this quiz.
Remove Ads.
Support Sporcle.
Get the best of Sporcle when you Go Orange. This ad-free experience offers more features, more stats, and more fun while also helping to support Sporcle. Thank you for becoming a member.

Show Comments

Extras

Created Feb 17, 2011ReportNominate
Tags:Witch

Top Quizzes Today


Score Distribution

Your Account Isn't Verified!

In order to create a playlist on Sporcle, you need to verify the email address you used during registration. Go to your Sporcle Settings to finish the process.

Report this User

Report this user for behavior that violates our Community Guidelines.

Details: